000 00323nam a2200133Ia 4500
005 20251222143317.0
008 251222s9999||||xx |||||||||||||| ||spa||
082 _a305.42/P52
100 _aPia Dradi, María
245 0 _aLa Mujer Chayahuita:
250 _a1ra .ed.
264 _bFundación Friedrich Ebert
942 _cLIB
999 _c15938
_d15938